Vláda rozhodla o reforme verejnej správy

Vláda na svojom mimoriadnom rokovaní 1.4.2001 schválila model územnosprávneho členenia SR na 12 vyšších územných celkov.

Salvato in:
Dettagli Bibliografici
Autore principale: Deckerová, Veronika
Natura: Capitolo di libro
Lingua:slovacco
Soggetti:
Tags: Aggiungi Tag
Nessun Tag, puoi essere il primo ad aggiungerne!!

MARC

LEADER 00000naa a2200000 4500
001 r041158
005 20230801100130.4
041 0 |a slo 
044 |a SK 
245 1 0 |a Vláda rozhodla o reforme verejnej správy  |c Veronika Deckerová 
520 |a Vláda na svojom mimoriadnom rokovaní 1.4.2001 schválila model územnosprávneho členenia SR na 12 vyšších územných celkov. 
610 2 0 |a správa verejná 
610 2 0 |a reformy 
610 2 0 |a vyššie územné celky 
610 2 0 |a vláda 
610 2 0 |a Slovensko 
100 1 |a Deckerová, Veronika